|
|
|
|
| LEADER |
00000cam a2200000 i 4500 |
| 001 |
1/88074 |
| 008 |
051025s1985 gr | ||| |||| ||gre|| |
| 035 |
|
|
|l 10080986
|
| 040 |
|
|
|a GR-MY-UA
|b gre
|e aacr
|
| 041 |
1 |
|
|a gre
|
| 082 |
0 |
|
|a 370.109495
|
| 100 |
1 |
|
|a Πολυχρονόπουλος, Πάνος Ι.,
|d 1941-
|
| 245 |
1 |
0 |
|a Φιλοσοφία της παιδείας :
|b συνδιαλεκτική προσέγγιση /
|c Πάνου Πολυχρονόπουλου
|
| 260 |
|
|
|a Αθήνα :
|b [χ.ό.],
|c 1985
|
| 500 |
|
|
|a Με: Γενική παιδαγωγική θεωρία / Σοφίας Μ. Γεδεών. - Η ψυχολογία ως επιστήμη της ψυχής / Πναγιώτου Κοροντζή. - Τα ελληνοχριστιανικά ιδανικά εις την παιδείαν μας / Χριστιανική Ένωσις Εκπαιδευτικών Λειτουργών
|
| 650 |
0 |
0 |
|a Education
|z Greece
|x Philosophy.
|
| 650 |
0 |
0 |
|a Politics and education.
|
| 650 |
0 |
0 |
|a Community and school
|z Greece.
|
| 650 |
0 |
0 |
|a Educational sociology.
|
| 852 |
|
|
|a INST
|b RHODES
|c KRI
|e 20051025
|h 370.109495 ΠΟΛ
|p 005400022368
|q 005400022368
|t BK
|y 0
|
| 909 |
|
|
|a Ρ
|b 122415
|
| 970 |
|
|
|a ΚΟΖΑ
|b ΜΑΡΙΑ
|z 2005/10/25
|